Nennen Sie die 12 OPEC Länder - Statistiken

Allgemein
  • Dieses Quiz wurde 21 mal gespielt
  • Das Durchschnittsergebnis liegt bei 6 aus 12
Antwortstatistiken
Hint Antwort % Korrekt
S Saudi-Arabien
85%
V Vereinigte Arabische Emirate
80%
I Iran
75%
Venezuela
75%
Irak
70%
N Nigeria
65%
Kuwait
60%
A Algerien
50%
L Libyen
40%
G Gabun
15%
K Kongo
5%
Äquatorialguinea
0%
Keine übereinstimmenden Quizze gefunden
Verteilung der Resultate
Anzahl Personen mit jedem Resultat
Perzentil nach korrekt beantworteten Fragen
Ihre Resultats-Entwicklung
Sie haben dieses Quiz noch nicht gespielt